000 00849nam a22002297a 4500
005 20100730143622.0
010 _aENG-97321
020 _a8172112645
_c400.00
020 _a9788172112646
_c400.00
035 _aEN-80854
037 _bDBAD/PUB
082 _a915.4166
100 _aPachuau, Rintluanga
_92762
245 _aMizoram :
_ba study in comprehensive geography /
_cby Rintluanga Pachuau
260 _aNew Delhi
_bNorthern Book Centre
_c2009
270 _a4221/1, Ansari Road, Daryaganj
_bNew Delhi
_e110002
300 _axx, 140p.
_c22cm, (Hb)
500 _aincludes bibliography and index
650 _aGeography
_zMizoram, India
_92763
942 _2ddc
_cEN
_h915.4166
_mPAC
999 _c38268
_d38268